| 000 | 01748nam a2200337 i 4500 | ||
|---|---|---|---|
| 003 | DO-SdBNP | ||
| 005 | 20250607073644.0 | ||
| 007 | ta | ||
| 008 | 210521e2007 dr ad||grl|||s00| 0 spa d | ||
| 020 | _a9954360508 | ||
| 040 |
_aDO-SdBNP _bspa _cBNPHU _erda |
||
| 041 | _hspa | ||
| 082 | 4 |
_a362.8292 _bR426n _222 |
|
| 110 | 1 |
_aRepública Dominicana. _b Secretaria de Estado de Salud Pública y Asistencia Social (2001) _956549 |
|
| 245 | 1 | 0 | _aNormas nacionales para la atención integral en salud de la violencia intrafamiliar y violencia contra la mujer |
| 250 | _a2a.ed. | ||
| 264 |
_aSanto Domingo : _bSESPAS, _c2007. |
||
| 300 |
_a133 páginas : _bilustraciones ; _c21 cm. |
||
| 336 |
_2rdacontent _atexto _btxt |
||
| 337 |
_2rdamedia _asin mediación _bn |
||
| 338 |
_2rdacarrier _avolumen _bnc |
||
| 490 | 1 |
_aNormas nacionales / SESPAS ; _v24 |
|
| 504 | _aBibliografía : p. 93-97 | ||
| 505 |
_aPresentación-- _gIntroducción.-- _gMarco conceptual.-- _t1. Objetivo y campo de aplicación.-- _t2. Base legal.-- _t3. Definiciones.-- _t4. Modelo de atención integral para el abordaje de la violencia intrafamiliar y violencia contra la mujer.-- _t5. Sistema de referencia y contrareferencia.-- _t6. Conformación y organización de las redes de atención y prevención de la VIFM.-- _t7. Recursos humanos en salud y los espacios de desempeño.-- _t8. Sistema de información.-- _t9. Bibliografía.-- _t10. Anexos.-- _t11. Instrumentos. |
||
| 590 | _aInventariado, 2021/MFF | ||
| 650 | 0 |
_aAtención primaria de salud _xLegislación _zRepública Dominicana _920167 |
|
| 650 | 0 |
_aVIOLENCIA CONTRA LA MUJER _zRepública Dominicana _938242 |
|
| 830 | 0 |
_aNormas nacionales ; _n24 _978647 |
|
| 910 | _aValidado. Control de calidad MFF | ||
| 942 |
_2ddc _cLBS1 |
||
| 999 |
_c49834 _d49834 |
||